Obálka Náhled e-knihy:
PDF Epub
Pro půjčování e-knih musíte být přihlášeni.
Jak si půjčit online?

Zachraň se /

Pokračování středoškolské romance německé autorky ze světa dramatické první lásky a romantiky studentských let.

Uloženo v:
Série:Zachraň mě, část 2
Maxton Hall, část 2
Hlavní autor: Kasten, Mona, 1992- (Autor)
Další autoři: Nimrichtrová, Nora, 1973- (Autor)
Médium: E-kniha
Jazyk:Czech
Vydáno: Praha : Dobrovský s.r.o., 2021
Edice:Red
Témata:
Příbuzné jednotky:Z cyklu:: Zachraň mě
Z cyklu:: Maxton Hall
Tagy:
Žádné tagy
LEADER 02550nam a2200457 i 4500
001 299201
003 CZ PrSKC
005 20260425063148.0
007 ta
008 211021s2021 xr g 000 f cze
015 |a cnb003368093 
020 |a 9788076429413  |q (vázáno) 
035 |a (OCoLC)1378696021 
040 |a ABG001  |b cze  |d ABA001  |e rda 
041 1 |a cze  |h ger 
072 7 |a 821.112.2-3  |x Německá próza, německy psaná  |2 Konspekt 
080 |a 821.112.2-31  |2 MRF 
080 |a (0:82-312.5)  |2 MRF 
100 1 |a Kasten, Mona,  |d 1992-  |7 xx0225624  |4 aut 
240 1 0 |a Save you.  |l Česky 
245 1 0 |a Zachraň se /  |c Mona Kasten ; z německého originálu Save you přeložila Nora Nimrichtrová 
264 1 |a Praha :  |b Dobrovský s.r.o.,  |c 2021 
300 |a 301 stran ;  |c 21 cm 
336 |a text  |b txt  |2 rdacontent 
337 |a bez média  |b n  |2 rdamedia 
338 |a svazek  |b nc  |2 rdacarrier 
490 1 |a Red 
520 2 |a Pokračování středoškolské romance německé autorky ze světa dramatické první lásky a romantiky studentských let.  |b Kniha vás zve do světa prestižní školy Maxton Hall, dramatické první lásky, romantiky studentských let a napínavých okolností, které obklopují Ruby a Jamese. Je o tom, co se stane, když musí Ruby těžce odpouštět zradu a Jamesovi se převrátí svět vzhůru nohama mnoha nečekanými událostmi. Blíží se studium na Oxfordu... Na pozadí příběhu hlavních hrdinů se odvíjejí osudy jejich sourozenců - těhotné Jamesovy sestry Lýdie a vtipné a sebevědomé Rubyiny sestry Ember. Všichni zažívají své první lásky, každá je jiná, ale vlastně jsou všechny stejně opravdové. Nakladatelská anotace. Kráceno. 
655 7 |a německé romány  |7 fd132945  |2 czenas 
655 7 |a milostné romány  |7 fd132840  |2 czenas 
655 9 |a German fiction  |2 eczenas 
655 9 |a love novels  |2 eczenas 
700 1 |a Nimrichtrová, Nora,  |d 1973-  |7 xx0074342  |4 trl 
787 0 8 |i Z cyklu:  |t Zachraň mě  |g 2 
787 0 8 |i Z cyklu:  |t Maxton Hall  |g 2 
830 0 |a Red 
900 |a ABA001  |b 20 
044 |a xr 
910 |a RBIT002 
998 |d 340644  |a https://core.palmknihy.cz/api/books/340644/cover?r2yqm3  |b https://core.palmknihy.cz/api/books/340644/cover/400?r2yqm3  |c https://core.palmknihy.cz/api/books/340644/cover/50?r2yqm3  |e 2031-04-23  |g 304  |i 9788076429413  |j https://core.palmknihy.cz/api/books/340644/preview.epub  |k https://core.palmknihy.cz/api/books/340644/preview.pdf  |l   |q 49  |r 1  |s https://www.palmknihy.cz/kniha/340644  |t ebook  |y 2021  |z 0  |v Maxton Hall  |w 2 
999 |d 299199